Institutions, consultants and transformation: (Record no. 26868)

MARC details
000 -LEADER
fixed length control field 01049nam a22002537a 4500
005 - DATE AND TIME OF LATEST TRANSACTION
control field 20090527151248.0
008 - FIXED-LENGTH DATA ELEMENTS--GENERAL INFORMATION
fixed length control field 090527t xxu||||| |||| 00| 0 eng d
010 ## - LCCN (DPL NO)
LC control number ENG-93764
020 ## - INTERNATIONAL STANDARD BOOK NUMBER
International Standard Book Number 9788178298672
Terms of availability 295.00
035 ## - SYSTEM CONTROL NUMBER
System control number EN-77297
037 ## - SOURCE OF ACQUISITION
Source of stock number/acquisition DBAD / PUB
040 ## - CATALOGING SOURCE
Original cataloging agency dpl
Language of cataloging English
082 ## - DEWEY DECIMAL CLASSIFICATION NUMBER
Classification number 658.4060954
245 ## - TITLE STATEMENT
Title Institutions, consultants and transformation:
Statement of responsibility, etc edited by Lalitha Iyer [and] Shaibal Guharoy
Remainder of title case studies from the development sector /
260 ## - PUBLICATION, DISTRIBUTION, ETC. (IMPRINT)
Place of publication, distribution, etc New Delhi
Name of publisher, distributor, etc Response Books
Date of publication, distribution, etc 2009
270 ## - ADDRESS
Address BI/I-1 Mohan Cooperative Industrial Area, Mathura Road,
City New Delhi
Postal code 110044
300 ## - PHYSICAL DESCRIPTION
Extent xviii, 217p.
Dimensions 20cm(pbk)
500 ## - GENERAL NOTE
General note Includes index
650 ## - SUBJECT ADDED ENTRY--TOPICAL TERM
Topical term or geographic name as entry element Organizational change
Geographic subdivision India
Form subdivision Case studies.
700 ## - ADDED ENTRY--PERSONAL NAME
Personal name Iyer, Lalitha
700 ## - ADDED ENTRY--PERSONAL NAME
Personal name Guharoy, Shaibal
942 ## - ADDED ENTRY ELEMENTS (KOHA)
Source of classification or shelving scheme Dewey Decimal Classification
Item type English Books
Call number suffix INS
Classification part 658.4060954
Holdings
Withdrawn status Lost status Source of classification or shelving scheme Damaged status Not for loan Collection code Home library Current library Date acquired Source of acquisition Cost, normal purchase price Total Checkouts Full call number Barcode Date last seen Copy number Cost, replacement price Koha item type
    Dewey Decimal Classification   Not For Loan Non-fiction D.B.Act.Division D.B.Act.Division 27/05/2009 DBAD / PUB 295.00   658.4060954 INS EN-77297 27/05/2009 1 295.00 English Books

© Delhi Public Library
Hit Counter
free hit counter